00445nam a2200181Ia 4500008004100000020001400041050001400055100002200069245002100091245005300112260001500165260001600180260000900196300001400205300002700219300001000246500000700256170918s9999 xx 000 0 und d a43914034x bS935 1999 aSturges, Philemon aI love trucks! / cPhilemon Sturges ; illustrated by Shari Halpern. aNew York : bScholastic, c1999 aunpaged : bcolored illustration ; c22cm. aBR